Leadership in recreation

שמור ב:
מידע ביבליוגרפי
מחבר ראשי: Russell, Ruth V.
פורמט: ספר
שפה:Undetermined
יצא לאור: Boston, MA. McGraw- Hill 2005
נושאים:
תגים: הוספת תג
אין תגיות, היה/י הראשונ/ה לתייג את הרשומה!
Thư viện lưu trữ: Trung tâm Học liệu Trường Đại học Cần Thơ
LEADER 00497nam a2200193Ia 4500
001 CTU_124448
008 210402s9999 xx 000 0 und d
020 |c 431000 
082 |a 790.0694 
082 |b R966 
100 |a Russell, Ruth V. 
245 0 |a Leadership in recreation 
245 0 |c Ruth V. Russell 
260 |a Boston, MA. 
260 |b McGraw- Hill 
260 |c 2005 
650 |a Recreation leadership 
904 |i Minh 
980 |a Trung tâm Học liệu Trường Đại học Cần Thơ